| 000 | 01292nab a2200253 i 4500 | ||
|---|---|---|---|
| 001 | 768714001 | ||
| 003 | CO-MdFUSB | ||
| 005 | 20240718144517.0 | ||
| 008 | 240718t1969 enk||||| |||| 00| 0 eng d | ||
| 040 |
_bspa _cCO-MdFUSB _dCO-MdFUSB |
||
| 041 | _aeng | ||
| 100 | _eautor | ||
| 245 | 4 |
_aThe interpretation of moral theology _c/ Theo Beemer ; traducido por Theo Westow |
|
| 520 | _aLa existencia de desigualdad, discriminación e injusticia entre los habitantes de este planeta es obvia y moralmente desafiante. Cuando la iglesia habla de la voluntad de Dios como estándar para el comportamiento humano, muchos lo ven como una declaración adicional de lo que ya sabemos que es bueno y esforzado, una confirmación tardía o un intento de derribar lo que todos piensan que separa a los cristianos del resto de la humanidad. | ||
| 546 | _aTexto en inglés. | ||
| 650 | 2 |
_aConciencia (Moral) _9927 |
|
| 650 | 7 |
_aÉtica cristiana _9185 |
|
| 650 | 7 |
_aDios _xJusticia _9280 |
|
| 650 | 7 |
_aHermenéutica _9418 |
|
| 700 |
_aWestow, Theo, _etraductor |
||
| 773 | 0 |
_070507 _982830 _dLondres : Board, 1966. _oR2684 _tConcilium : _w(CO-MdFUSB)768714001 _x0010-5236 _gVolumen 5, (número 5, 1969), páginas: 62 - 72 _qpágina: 62 |
|
| 942 | _cANA | ||
| 945 | _aCatherine Arias Álvarez - Practicante SENA | ||
| 999 |
_c70521 _d70521 |
||